Washington Wizards 2020s Top 10 Leaders - Statistics

General Stats
  • This quiz has been taken 145 times
    29 since last reset
  • The average score is 7 of 20
Answer Stats
Player % Correct
Bradley Beal
96%
Alex Sarr
81%
Russell Westbrook
77%
Kyle Kuzma
58%
Jordan Poole
54%
Kristaps Porziņģis
42%
Bilal Coulibaly
38%
Tyus Jones
35%
Bub Carrington
27%
Corey Kispert
27%
Daniel Gafford
27%
Kyshawn George
27%
Rui Hachimura
23%
Deni Avdija
19%
Ish Smith
19%
Justin Champagnie
15%
Anthony Gill
12%
Thomas Bryant
8%
Raul Neto
4%
Delon Wright
0%
No matching quizzes found
Score Distribution
Percent of People with Each Score
Percentile by Number Answered
Your Score History
You have not taken this quiz since the last reset